Catalog

Record Details

Catalog Search



The unofficial Harry Potter cookbook : from cauldron cakes to knickerbocker glory--more than 150 magical recipes for wizards and non-wizards alike  Cover Image Book Book

The unofficial Harry Potter cookbook : from cauldron cakes to knickerbocker glory--more than 150 magical recipes for wizards and non-wizards alike / Dinah Bucholz.

Bucholz, Dinah. (Author).

Summary:

Contains 150 recipes inspired by the Harry Potter novels, with a guide to where the foods can be found in the books, including good food with bad relatives, treats from the train, the favorite cook's dishes, holiday fare, and more.

Record details

  • ISBN: 9781440503252
  • ISBN: 1440503257
  • Physical Description: xv, 239 pages ; 24 cm
  • Publisher: Avon, Mass. : Adams Media, ©2010.

Content descriptions

Bibliography, etc. Note:
Includes bibliographical references (pages 231-232) and index.
Formatted Contents Note:
Good food with bad relatives -- Delights down the alley -- Treats from the train -- Recipes from a giant and an elf -- The favorite cook's dishes -- Breakfast before class -- Lunch and dinner in the dining hall -- Desserts and snacks at school -- Holiday fare -- Treats in the village.
Subject: Potter, Harry (Fictitious character)
Rowling, J. K. > Characters > Harry Potter.
Cooking, English.
Cuisine anglaise.
Genre: Teen nonfiction.
Children's nonfiction.
Cookbooks.

Available copies

  • 1 of 1 copy available at scottsboropl.

Holds

  • 0 current holds with 1 total copy.
Show Only Available Copies
Location Call Number / Copy Notes Barcode Shelving Location Status Due Date
scottsboropl J 641.5 Buc 32269001210676 Juvenile - NonFiction Available -

LDR 03809cam a22007814a 4500
001160503
003SBPL
00520230406170507.0
008100517s2010 mau j b 001 0 eng
010 . ‡a 2010019544
020 . ‡a9781440503252
020 . ‡a1440503257
035 . ‡a(OCoLC)548651218 ‡z(OCoLC)753864511
05000. ‡aTX717 ‡b.B87 2010
060 4. ‡a641.5942 Bucholz
08200. ‡a641.5942 ‡222
1001 . ‡aBucholz, Dinah.
24514. ‡aThe unofficial Harry Potter cookbook : ‡bfrom cauldron cakes to knickerbocker glory--more than 150 magical recipes for wizards and non-wizards alike / ‡cDinah Bucholz.
2463 . ‡aHarry Potter cookbook
260 . ‡aAvon, Mass. : ‡bAdams Media, ‡c©2010.
300 . ‡axv, 239 pages ; ‡c24 cm
336 . ‡atext ‡btxt ‡2rdacontent
337 . ‡aunmediated ‡bn ‡2rdamedia
338 . ‡avolume ‡bnc ‡2rdacarrier
504 . ‡aIncludes bibliographical references (pages 231-232) and index.
5050 . ‡aGood food with bad relatives -- Delights down the alley -- Treats from the train -- Recipes from a giant and an elf -- The favorite cook's dishes -- Breakfast before class -- Lunch and dinner in the dining hall -- Desserts and snacks at school -- Holiday fare -- Treats in the village.
520 . ‡aContains 150 recipes inspired by the Harry Potter novels, with a guide to where the foods can be found in the books, including good food with bad relatives, treats from the train, the favorite cook's dishes, holiday fare, and more.
60010. ‡aPotter, Harry ‡c(Fictitious character)
60010. ‡aRowling, J. K. ‡xCharacters ‡xHarry Potter.
650 0. ‡aCooking, English.
650 6. ‡aCuisine anglaise.
655 4. ‡aTeen nonfiction.
655 4. ‡aChildren's nonfiction.
655 7. ‡aCookbooks. ‡2lcgft
901 . ‡a160503 ‡bAUTOGEN ‡c160503 ‡tbiblio

Additional Resources